Pracovné prostredie v hutníckom priemysle : (výberová bibliografia) /

Hlavní autor: Sehnálková, Zuzana
Jazyk: Slovenština
Vydáno: Košice : Štátna vedecká knižnica, 1978
Témata:
Fyzický popis: 117 s.
Knihy
Uloženo v:
LEADER 00996nam a22003012a 4500
001 001163136
003 CZ BrMZK
005 20180831131057.0
007 ta
008 110811s1978 xo er|||||||||||slo d
040 |a BOA001  |b cze 
072 7 |a 669  |x Metalurgie  |2 Konspekt  |9 19 
080 |a 669  |2 MRF 
080 |a 331.4  |2 MRF 
080 |a 82-96  |2 MRF 
080 |a (01)  |2 MRF 
100 1 |a Sehnálková, Zuzana  |7 jx20050407053  |4 com 
245 1 0 |a Pracovné prostredie v hutníckom priemysle :  |b (výberová bibliografia) /  |c zostavila Zuzana Sehnálková 
260 |a Košice :  |b Štátna vedecká knižnica,  |c 1978 
300 |a 117 s. 
650 0 7 |a metalurgie  |7 ph115267  |2 czenas 
650 0 7 |a pracovní prostředí  |7 ph115871  |2 czenas 
650 0 7 |a odborná literatura  |7 ph115554  |2 czenas 
655 7 |a bibliografie  |7 fd131898  |2 czenas 
910 |a BOA001  |b 2-0803.028 
990 |a BK 
991 |b 201108 
996 7 |b 2619433402  |c 2-0803.028  |l MZK  |r Sklad / do 1 hodiny  |n 0  |w 001196395  |u 000010  |a 1  |e BOA001  |j MZK50  |s A